000 00547nam a2200217Ia 4500
003 OSt
005 20221005125209.0
006 a|||||r|||| 00| 0
007 ta
008 221004b |||||||| |||| 00| 0 tam d
024 _a49846
037 _cTextual
040 _aCRL
_cCRL
_btam
041 _2tam
_atam
082 _aO31,3M72,1, L8
100 _aMadhavaiah
_9636293
245 0 _aPadhavathicharuithairm
650 _aTAMIL LITERATURE
942 _hO31,3M72,1, L8
_cTEXL
_2cc
999 _c1053220
_d1053220